Moral Evolution :Role of Alquran (Record no. 233131)
[ view plain ]
| 000 -LEADER | |
|---|---|
| fixed length control field | nam a22 7a 4500 |
| 003 - CONTROL NUMBER IDENTIFIER | |
| control field | Nust |
| 005 - DATE AND TIME OF LATEST TRANSACTION | |
| control field | 20170302141042.0 |
| 008 - FIXED-LENGTH DATA ELEMENTS--GENERAL INFORMATION | |
| fixed length control field | 170302b xxu||||| |||| 00| 0 eng d |
| 040 ## - CATALOGING SOURCE | |
| Transcribing agency | DLC |
| 082 ## - DEWEY DECIMAL CLASSIFICATION NUMBER | |
| Classification number | 297.26 KHA |
| 245 ## - TITLE STATEMENT | |
| Title | Moral Evolution :Role of Alquran |
| Statement of responsibility, etc. | Khan,Muhammad Ali |
| 260 ## - PUBLICATION, DISTRIBUTION, ETC. | |
| Place of publication, distribution, etc. | Lahore : |
| Date of publication, distribution, etc. | 1988 |
| 300 ## - PHYSICAL DESCRIPTION | |
| Extent | 360p. : |
| Dimensions | 26cm |
| 942 ## - ADDED ENTRY ELEMENTS (KOHA) | |
| Source of classification or shelving scheme | |
| Koha item type | Book |
| Withdrawn status | Lost status | Source of classification or shelving scheme | Damaged status | Not for loan | Permanent Location | Current Location | Date acquired | Total Checkouts | Full call number | Barcode | Date last seen | Price effective from | Koha item type |
|---|---|---|---|---|---|---|---|---|---|---|---|---|---|
| School of Civil and Environmental Engineering (SCEE) | School of Civil and Environmental Engineering (SCEE) | 03/02/2017 | 297.26 KHA | NIT--7295 | 03/02/2017 | 03/02/2017 | Book |
